| 000 | 00354nam a2200145Ia 4500 | ||
|---|---|---|---|
| 008 | 240624s9999 xx 000 0 und d | ||
| 041 | _aeng | ||
| 082 | _a332.632 KLA | ||
| 100 | _aGRAHAM BENJAMIN | ||
| 245 | _aSECURITY ANALYSIS | ||
| 250 | _a(6th ed.) | ||
| 260 |
_c2008 _aNew Delhi _bTata McGraw- Hill |
||
| 300 | _a766 : p. : cm. ; 24 | ||
| 365 | _cRS | ||
| 999 |
_c19294 _d19294 |
||